| 000 | 02426cam a22003135a 4500 | ||
|---|---|---|---|
| 001 | L141637 | ||
| 008 | 071207s2008 xxk k f v 001 0 eng d | ||
| 020 | _a9780421964105 | ||
| 035 | _a(Sirsi) u141637 | ||
| 041 | 0 | _aeng | |
| 050 | 0 | 4 | _a346.42043 $2 22 |
| 100 | 1 | _aHarpum, Charles | |
| 245 | 0 | 0 |
_aMegarry and Wade _bthe law of real property |
| 250 | _a7th ed. | ||
| 260 |
_aLondon _bSweet & Maxwell _c2007 |
||
| 300 |
_acclxxv, 1608p. _bill. _c24cm. |
||
| 505 | 2 | _aIntroduction -- Tenures -- Estates -- Possession of land -- Law and equity -- Legislative transformation of the law of real property and the protection of estates and interests -- Registration of title -- Unregistered conveyancing: titles and incumbrances -- Perpetuities and accumulations -- The use of trusts in the law of real property -- Creating trusts of land -- The Trusts of Land and Appointment of Trustees Act 1996 -- Co-ownership -- Wills and intestacy -- Contracts of sale -- Proprietary estoppel -- The nature and creation of leases -- Determination of leases -- Common obligations of landlord and tenant leasehold covenants -- Leasehold conveyancing -- Security of tenure -- Fixtures -- The nature and creation of mortgages and charges -- The rights of the parties under a mortgage or charge -- Priority of mortgages -- Nature of easements and profits -- The creation of easements and profits -- Species of easements and profits -- Other incorporeal hereditaments -- Freehold covenants -- Commonhold -- Licenses -- Adverse possession and limitation -- Disabilities -- Appendix | |
| 520 | _aSets out the legal framework for real property for both students and practitioners of trust estates. Emphasises the main principles which the law of property rests on. Contains all the legislation that a trust practitioner needs, in one volume. This edition takes into account the fact that most land in England and Wales is registered. Considers the impact of the Land Registration Act 2002 and commonhold. Takes account of the leading cases to illustrate the points made. Includes a glossary. | ||
| 520 | _aSuperseded by Megarry's manual of the law of real property 9th ed ebook L158255. | ||
| 521 | 2 | 0 | _aAdvanced |
| 590 | _aKA | ||
| 651 | 4 |
_aEngland and Wales _y1543- |
|
| 690 | _aPROPERTY | ||
| 700 | 1 | _aBridge, Stuart | |
| 700 | 1 | _aDixon, Martin | |
| 700 | 1 |
_aMegarry, Robert _cSir |
|
| 700 | 1 |
_aWade, William _cSir |
|
| 942 | _n0 | ||
| 999 |
_c107716 _d107716 |
||